Statistiques concernant Intercommunalités de la Sarthe

Cliquez ici pour prendre le quiz!

Statistiques générales

  • Ce quiz a été pris 13 fois
  • Le résultat moyen est 5 sur 16

Statistiques - réponses

Nombres de CommunesIntercommunalités% Correct
20Le Mans Métropole
92%
14Communauté de communes du Pays Fléchois
67%
17 (dont 01 dans la Mayenne)Communauté de communes du Pays Sabolien
58%
24Communauté de communes Loir-Lucé-Bercé
50%
08Communauté de communes d'Orée de Bercé - Belinois
42%
38Communauté de communes Haute Sarthe Alpes Mancelles
42%
29Communauté de communes Loué-Brûlon-Noyen
42%
33Communauté de communes du Pays de l'Huisne Sarthoise
33%
24Communauté de communes de la Champagne Conlinoise et du Pays de Sillé
25%
19Communauté de communes des Vallées de la Braye et de l'Anille
25%
05Communauté de communes du Sud-Est du Pays Manceau
25%
16Communauté de communes du Val de Sarthe
17%
22Le Gesnois Bilurien
17%
13Communauté de communes Maine Cœur de Sarthe
0%
51 (dont 02 dans l'Orne)Communauté de communes Maine Saosnois
0%
19Communauté de communes Sud Sarthe
0%

Distribution des résultats

Percentile par nombre de réponses

% des personnes avec chaque résultat

Votre développement - résultats

Vous n’avez pas pris ce quiz